| 000 | 00545nam a2200169Ia 4500 | ||
|---|---|---|---|
| 008 | 240729s9999 xx 000 0 und d | ||
| 022 | _a1687-9333 | ||
| 245 | 0 | _aInternational Journal of Corrosion | |
| 260 | _aUnited Kingdom | ||
| 260 | _bHindawi Limited | ||
| 650 | _a Electrical engineering. Electronics. Nuclear engineering | ||
| 650 | _a Materials of engineering and construction. Mechanics of materials | ||
| 650 | _aTechnology | ||
| 856 | _uhttps://doaj.org/toc/a06f95a1fe7e41aa8cd9a6f9bda51ff6 | ||
| 942 | _2ddc | ||
| 942 | _cDOAJEJ | ||
| 999 |
_c71696 _d71696 |
||
| 945 |
_a1 _bMadushi Gamage _c1 _dMadushi Gamage |
||